Countries sharing the latitude with New York - Statistics

General Stats
  • This quiz has been taken 33 times
    24 since last reset
  • The average score is 13 of 16
Answer Stats
Answer % Correct
Spain
100%
China
95%
Greece
95%
Italy
95%
Turkey
95%
Portugal
89%
Albania
84%
Japan
84%
Uzbekistan
79%
Kyrgyzstan
74%
North Korea
74%
Turkmenistan
74%
Azerbaijan
68%
Tajikistan
68%
Armenia
63%
United States
53%
No matching quizzes found
Score Distribution
Percent of People with Each Score
Percentile by Number Answered
Your Score History
You have not taken this quiz since the last reset